[Event "Harvard op 26th"]
[Site "Cambridge"]
[Date "1998.09.27"]
[Round "3"]
[White "Ryrakhovsky, Abram"]
[Black "Mc Clelland, Shearwood"]
[Result "0-1"]
[WhiteElo "2072"]
[BlackElo "2244"]
[PlyCount "78"]
[EventDate "1998.09.??"]
[EventType "swiss"]
[EventRounds "4"]
[EventCountry "USA"]
[SourceTitle "EXT 2005"]
[Source "ChessBase"]
[SourceDate "2004.11.15"]
[SourceVersion "1"]
[SourceVersionDate "2004.11.15"]
[SourceQuality "1"]

1. c4 Nf6 2. Nc3 g6 3. g3 Bg7 4. Bg2 d6 5. d3 e5 6. Bd2 Nc6 7. Rb1 0-0 8. Qc1 Be6 9. Nf3 Ne7 10. Ng5 Bc8 11. Nge4 Nxe4 12. Nxe4 f5 13. Nc3 c6 14. h4 Qe8 15. h5 Be6 16. Bh6 Qf7 17. hxg6 hxg6 18. Bxg7 Qxg7 19. Qg5 Kf7 20. Kd2 Rh8 21. b4 a6 22. a4 d5 23. Rxh8 Rxh8 24. b5 d4 25. Na2 Rh5 26. bxa6 bxa6 27. Qxe7+ Kxe7 28. Rb7+ Bd7 29. Bxc6 Qh6+ 30. Kc2 Kd6 31. Bxd7 e4 32. Bc8 exd3+ 33. Kxd3 a5 34. Rd7+ Kc6 35. Rxd4 Rh1 36. Nc3 Qc1 37. Bd7+ Kc7 38. Nb5+ Kb6 39. Rd6+ Kc5 0-1